000 00475 a2200157 4500
005 20260417114441.0
008 260105b |||||||| |||| 00| 0 eng d
020 _a9781472864338
080 _a930.9
_bMAY/H
100 _a Mayall,Simon
245 _aThe house of war
_b:The struggle between Christendom and the Caliphate
260 _bOsprey publishing.
_aUSA.
_c2024.
300 _a352p.
653 _aWorld History-History of Christendom-Caliphate conflict
942 _cOO
999 _c114893
_d114892